=LDR 00000nam 2200000 4500 =001 INLIS000000000002743 =005 20130612091051 =008 ***********************************Ind** =035 ##$$0010-061300000002743 =041 ##$$a Ind =082 ##$$a F Rom D =090 ##$$a F Rom D, Ste m =100 ##$$a Steel, Danielle =245 ##$$a Misteri cinta balerina, Danielle Steel; Alih bahasa,Threes Susilastuti =260 ##$$a 2000 $b Jakarta =300 ##$$a 271 hlm, 20 cm =650 ##$$a Fiksi Dewasa Terjemahan =700 ##$$a Susilastuti, Threes =850 ##$$a NBPNMAT